000 00418nam a2200133Ia 4500
008 231129s9999||||xx |||||||||||||| ||spa||
020 _a84-7953-151-7 (rústi
040 _bspa
082 _a291.62 K45e
100 _aKharitidi Olga
245 0 _aEntrar en el cí­rculo: El viaje de una psiquiatra rusa hacia la sabidurí­a siberiana
264 _aEdiciones Urano
942 _2ddc
_cBKS
999 _c13179
_d13179